Frontiers of the Christian World Missions, Since 1938. (Record no. 703)
[ view plain ]
| 000 -LEADER | |
|---|---|
| fixed length control field | 00591nam a2200241 a 4500 |
| 020 ## - INTERNATIONAL STANDARD BOOK NUMBER | |
| ISBN | |
| 082 00 - DEWEY DECIMAL CLASSIFICATION NUMBER | |
| Classification number | 266 |
| Author Cutter | HAR |
| 100 ## - MAIN ENTRY--AUTHOR NAME | |
| Author name | Harr, W C |
| 245 ## - TITLE STATEMENT | |
| Title | Frontiers of the Christian World Missions, Since 1938. |
| 260 ## - PUBLICATION, DISTRIBUTION, ETC. (IMPRINT) | |
| Place of publication | New York |
| Name of publisher | Harper and Row |
| Year of publication | 1962 |
| 300 ## - PHYSICAL DESCRIPTION | |
| Number of Pages | 310p |
| 500 ## - GENERAL NOTE | |
| General note | includes index and biblioraphy |
| 505 2# - FORMATTED CONTENTS NOTE | |
| Formatted contents note | Bibliography, Index |
| 650 ## - SUBJECT ADDED ENTRY--TOPICAL TERM | |
| Topical Term | Missions |
| 942 ## - ADDED ENTRY ELEMENTS (KOHA) | |
| Koha item type | Books |
| 700 1# - | |
| -- | Harr, W C |
| Collection code | Home library | Current library | Date acquired | Cost, normal purchase price | Full call number | Accession Number | Koha item type |
|---|---|---|---|---|---|---|---|
| Henry Martyn Institute Library | Henry Martyn Institute Library | 07/11/2007 | 100.00 | 266 HAR | 02417 | Books |
